Scale and Scope / The Dynamics of Industrial Capitalism (Record no. 2151)
[ view plain ]
| 000 -LEADER | |
|---|---|
| fixed length control field | 01668cam a22002054a 4500 |
| 005 - ΗΜΕΡΟΜΗΝΙΑ ΚΑΙ ΩΡΑ ΤΕΛΕΥΤΑΙΑΣ ΕΝΗΜΕΡΩΣΗΣ | |
| Πεδίο ελέγχου | 20250605164032.0 |
| 008 - FIXED-LENGTH DATA ELEMENTS--GENERAL INFORMATION | |
| Πεδίο ελέγχου σταθερού μήκους | 250528s ||||||||||||||||||||||||d |
| 035 ## - SYSTEM CONTROL NUMBER | |
| System control number | 16676 |
| 020 ## - ISBN | |
| ISBN | 674789954 |
| 040 ## - ΠΗΓΗ ΚΑΤΑΛΟΓΟΓΡΑΦΗΣΗΣ | |
| Φορέας πρωτότυπης καταλογογράφησης | MC Athens Campus Library |
| Γλώσσα καταλογογράφησης | Ελληνικά, Μοντέρνα (1453-) |
| Modifying agency | MC Athens Campus Library |
| Κανόνες περιγραφικής καταλογογράφησης | AACR2 |
| 245 1# - ΤΙΤΛΟΣ ΚΑΙ ΔΗΛΩΣΗ ΥΠΕΥΘΥΝΟΤΗΤΑΣ | |
| Τίτλος | Scale and Scope / The Dynamics of Industrial Capitalism |
| 260 ## - PUBLICATION, DISTRIBUTION, ETC. | |
| Name of publisher, distributor, etc. | The Belknap Press Of Harvard University Press, |
| Date of publication, distribution, etc. | 1990 |
| 300 ## - PHYSICAL DESCRIPTION | |
| Extent | 764 |
| 520 ## - SUMMARY, ETC. | |
| Summary, etc. | A major monument to our increasingly successful quest to understand and interpret the modern industrial world. Introduction: Scale and Scope, The Modern Industrial Enterprise, Scale and Scope and Organizational Capabilities, The United States: Competitive Managerial Capitalism, The Foundations of Managerial Capitalism in American Industry, Creating Organizational Capabilities: Vertical Integration and Oligopolistic Competition, Expanding Organizational Capabilities: Investment Abroad and Product Diversification in Food and Chemicals, Expanding Organizational Capabilities: Investment Abroad and Product Diversification in Machinery, Great Britain: Personal Capitalism, The Continuing Commitment to Personal Capitalism in British Industry, Creating Organizational Capabilities: Success and Failure in the Stable Industries, Germany: Cooperative Managerial Capitalism, The Foundations of Managerial Capitalism in German Industry, Creating Organizational Capabilities: The Lesser and the Great Industries, War and Crises: Recovery in the Lesser Industries, Recovery in the Great Industries Conclusion, Index |
| 700 1# - ΠΡΟΣΘΕΤΗ ΑΝΑΓΡΑΦΗ--ΦΥΣΙΚΟ ΠΡΟΣΩΠΟ | |
| Personal name | Chandler Alfred D |
| 9 (RLIN) | 2751 |
| 700 1# - ΠΡΟΣΘΕΤΗ ΑΝΑΓΡΑΦΗ--ΦΥΣΙΚΟ ΠΡΟΣΩΠΟ | |
| Personal name | Hikino Takashi |
| 9 (RLIN) | 2766 |
| 942 ## - ADDED ENTRY ELEMENTS (KOHA) | |
| Koha item type | Books |
| Τύπος τεκμηρίου | Βιβλιοθήκη | Τρέχουσα τοποθεσία | Barcode | Αριθμός εισαγωγής | Ημερομηνία απόκτησης | Ταξιθετικό σύμβολο | Αριθμός αντιτύπου | Κατάσταση απόσυρσης | Κατάσταση χαμένου | Κατάσταση κατεστραμμένου | Μη δανεισμός | Σύνολο δανεισμών | Ημερομηνία τελευταίας εμφάνισης | Η τιμή ισχύει από |
|---|---|---|---|---|---|---|---|---|---|---|---|---|---|---|
| Books | MC Athens Campus Library | MC Athens Campus Library | 9780000021502 | 4880 | 05/06/2025 | 338.6/44/09 CHA | 1 | 05/06/2025 | 05/06/2025 |